| 000 | 00668nam a2200181 a 4500 | ||
|---|---|---|---|
| 001 | 000049022 | ||
| 005 | 20201002061608.0 | ||
| 008 | 190715s1998 dr 000 spa d | ||
| 040 |
_aDO-SdBNP _bspa _cBNPHU |
||
| 082 |
_axx _bxx |
||
| 100 | 1 |
_aGarcía Fermín, Franklin / _96422 |
|
| 245 | 1 | 0 |
_aIntroducción al estudio del derecho privado / _cFranklin García Fermín, Rosalía Sosa Pérez. |
| 260 |
_aSanto Domingo, República Dominicana : _bDominicanos de Impresos, _c1998. |
||
| 300 |
_a144 p. ; _c23 cm. |
||
| 590 | _aInventariado, 2019/VM | ||
| 500 | _aIncluye referencias bibliográficas y notas al pie de las páginas | ||
| 700 | 1 |
_aSosa Pérez, Rosalía _965003 |
|
| 999 |
_c48510 _d48510 |
||